LEADER 01812nam 2200361 450 001 9910312653203321 005 20231209090832.0 010 $a1-5044-5542-8 024 7 $a10.1109/IEEESTD.2019.8657410 035 $a(CKB)4100000007744691 035 $a(NjHacI)994100000007744691 035 $a(EXLCZ)994100000007744691 100 $a20231209d2019 uy 0 101 0 $aeng 135 $aur||||||||||| 181 $ctxt$2rdacontent 182 $cc$2rdamedia 183 $acr$2rdacarrier 200 10$aISO/IEC/IEEE 15026-1:2019(E) $eISO/IEC/IEEE International Standard - Systems and software engineering--Systems and software assurance --Part 1, Concepts and vocabulary /$fInstitute of Electrical and Electronics Engineers 210 1$aNew York, New York :$cIEEE,$d2019. 215 $a1 online resource (38 pages) 330 $aThis document defines assurance-related terms and establishes an organized set of concepts and their relationships, thereby establishing a basis for shared understanding of the concepts and principles central to all parts of ISO/IEC/IEEE 15026 across its user communities. It provides information to users of the subsequent parts of ISO/IEC/IEEE 15026, including the use of each part and the combined use of multiple parts. Coverage of assurance for a service being operated and managed on an ongoing basis is not covered in the ISO/IEC/IEEE 15026 series. 517 $a15026-1-2019 - ISO/IEC/IEEE International Standard - Systems and software engineering--Systems and software assurance --Part 1 517 $aISO/IEC/IEEE 15026-1 606 $aSoftware engineering 615 0$aSoftware engineering. 676 $a005.1 801 0$bNjHacI 801 1$bNjHacl 906 $aDOCUMENT 912 $a9910312653203321 996 $aISO$91086301 997 $aUNINA